Statistics for Satellite Images Of U.S. Cities Level 2

Click here to take the quiz!

General Stats

  • This quiz has been taken 470 times
  • The average score is 8 of 20

Answer Stats

Answer% Correct
Cleveland - Akron
82%
San Diego
71%
Jacksonville
59%
Anchorage
57%
Buffalo - Niagara Falls
52%
Providence
50%
Norfolk - Virginia Beach
43%
Milwaukee
40%
St. Louis
39%
Portland, Oregon
37%
Pittsburgh
34%
Memphis
33%
San Antonio
30%
El Paso (& Juárez, Mexico)
27%
Atlanta
26%
Cincinnati
26%
Minneapolis - Saint Paul
26%
Austin
22%
Nashville
22%
Kansas City
20%

Score Distribution

Percentile by Number Answered

Percent of People with Each Score

Your Score History

You have not taken this quiz